| 000 | 00427nam a22001577a 4500 | ||
|---|---|---|---|
| 003 | macl | ||
| 005 | 20170614130406.0 | ||
| 008 | 170614b xxu||||| |||| 00| 0 eng d | ||
| 040 | _cmacl | ||
| 082 | _a027.54/KAU | ||
| 100 |
_aKaula, P. N. _923081 |
||
| 245 |
_aThe National Library of india _bA critical study |
||
| 260 |
_aBombay _bsomaiya publications pvt ltd _c1924 |
||
| 650 |
_alibrary selenie _967478 |
||
| 942 |
_2ddc _cBK |
||
| 999 |
_c56541 _d56541 |
||